Statistiques concernant Les frontières de l'Ukraine

Cliquez ici pour prendre le quiz!

Statistiques générales

  • Ce quiz a été pris 192 fois
  • Le résultat moyen est 6 sur 7

Statistiques - réponses

Nom du pays% Correct
6Russie
100%
1Biélorussie
96%
3Moldavie
92%
4Pologne
92%
5Roumanie
88%
2Hongrie
81%
7Slovaquie
79%

Distribution des résultats

Percentile par nombre de réponses

% des personnes avec chaque résultat

Votre développement - résultats

Vous n’avez pas pris ce quiz